Inclusión de niños con trastorno por déficit de atención por hiperactividad (TDAH) en los centros educativos de Panamá /
El Trastorno por Déficit de Atención por Hiperactividad (TDAH) es un síndrome conductual de bases neurobiológicas, caracterizado por la distracción moderada o grave, breves periodos de atención, inquietud, inestabilidad emocional y conductas impulsivas. Los niños y niñas con esta condición son excl...
Guardado en:
| Autor principal: | |
|---|---|
| Formato: | Libro |
| Lenguaje: | Spanish |
| Materias: | |
| Etiquetas: |
Agregar Etiqueta
Sin Etiquetas, Sea el primero en etiquetar este registro!
|
MARC
| LEADER | 00000nam a22000007a 4500 | ||
|---|---|---|---|
| 003 | cru CIDCACS/IIS | ||
| 005 | 20170816111614.0 | ||
| 007 | ta | ||
| 008 | 170531s2014 pn ||||| |||| 00| 0 spa d | ||
| 999 | |c 19417 |d 19417 | ||
| 040 | |c cru CIDCACS/IIS | ||
| 100 | 1 | |9 4463 |a Díaz R., Tomás A. | |
| 245 | 1 | |a Inclusión de niños con trastorno por déficit de atención por hiperactividad (TDAH) en los centros educativos de Panamá / |c Tomás A. Díaz | |
| 300 | |a páginas 70-83 | ||
| 520 | |a El Trastorno por Déficit de Atención por Hiperactividad (TDAH) es un síndrome conductual de bases neurobiológicas, caracterizado por la distracción moderada o grave, breves periodos de atención, inquietud, inestabilidad emocional y conductas impulsivas. Los niños y niñas con esta condición son excluidos de los centros educativos,o son aceptados sin ofrecerles el seguimiento adecuado, lo que ocasiona un grave daño a su desarrollo integral, existen centros educativos que practican la inclusión, pero con importantes limitaciones. Se intenta en este artículo traducir una explicación científica del TDAH, a una versión popular de la medicina. De manera que se retoman los diferentes síntomas del TDAH, tratamientos, medicamentos y formas de establecer normas y limites con las personas menores de edad. KDV/160817 | ||
| 650 | 1 | 0 | |9 944 |a EDUCACION |
| 650 | 0 | |9 3201 |a NIÑOS | |
| 650 | 0 | |9 5203 |a TRASTORNOS DE CONDUCTA | |
| 650 | 0 | |9 5204 |a TRATAMIENTO | |
| 650 | 0 | |9 5205 |a CONDUCTA | |
| 650 | 1 | 0 | |9 285 |a EXCLUSION SOCIAL |
| 773 | 0 | |0 19259 |9 1028 |a Desarrollo Social y Cultural (Panamá) |d Panamá: Lotería Nacional de Beneficencia |o 16583 |t Lotería: |x 0024662X | |
| 942 | |2 ddc |c PP | ||
